| 000 | 00860cam a22002057a 4500 | ||
|---|---|---|---|
| 020 | _a0903530104 (v. 1) | ||
| 082 |
_a358.209 _bWAT _cD. |
||
| 245 | 0 | 0 | _aHistory of the Corps of Royal Engineers. |
| 260 |
_aChatham [Eng.] The Institution of Royal Engineers, _c1951- |
||
| 300 |
_a553 p. : _bill., maps ; _c23 cm. |
||
| 500 | _aIncludes indexes. | ||
| 500 | _aVols. 1-2 by Whitworth Porter, v. 3 by Sir Charles M. Watson, v. 4 by W. Baker Brown, v. 5-7 by a team of officers, v. 8-9 by R. Pakenham-Walsh, v. 10 by I.T.C. Wilson ... et al.. v. 11. Colonel H.W.B. Mackintosh, editor. | ||
| 500 | _aVols. 1-3 originally published : 1889-1915. | ||
| 526 |
_a0 _b0 _c0 _d358_209000000000000_WAT |
||
| 650 |
_aMCE _9379 |
||
| 700 | 1 |
_aBrown, W. Baker. _950274 |
|
| 700 | 1 |
_aPorter, Whitworth, _949808 |
|
| 700 | 1 |
_aWatson, Charles Moore, _949810 |
|
| 942 |
_2ddc _cBK |
||
| 999 |
_c553002 _d553002 |
||